| 000 | 00696nam a2200217 a 4500 | ||
|---|---|---|---|
| 001 | 19480 | ||
| 003 | CO-ViMGA | ||
| 008 | 141112s2004 ck r 000 u spa d | ||
| 020 | _a9583503819 | ||
| 040 |
_aCO-ViMGA _bspa _cCO-ViMGA |
||
| 082 | 0 | 4 | _aR347.09 C656e |
| 100 | 1 |
_aOrtega Torres, Jorge; comp. _928090 |
|
| 245 | 1 | 0 | _aEstatuto General de la Conciliación |
| 260 | _aBogotá; Temis; 2002 | ||
| 300 | _a350 p. | ||
| 490 | _aCódigo de bolsillos "Jorge Ortega Torres"; 14 | ||
| 590 | _aForma de adquisición : Premio Mincultura | ||
| 650 | 1 | 4 |
_aARBITRAJE (DERECHO CIVIL) - ASPECTOS JURIDICOS _928091 |
| 650 | 1 | 4 |
_aCONCILIACION (PROCEDIMIENTOS CIVIL) - LEGISLACION _928092 |
| 942 |
_2ddc _cBK |
||
| 999 |
_c28621 _d28621 |
||